The big blueberry barf-off!

Bibliographic Details
Main Author: Stine, R.L
Corporate Author: Title
Format: Book
Published: New York : Parachute Publishing , 2005
Series:Rotten school
Subjects:

MARC

LEADER 00000cam a2200000 7i4500
001 0000002656
005 20151222.0
008 070713
020 |a 0060785861 
090 0 0 |a JF   |b ENG (3051) 
100 1 |a Stine, R.L. 
245 1 4 |a The big blueberry barf-off!   |c R.L. Stine 
260 |a New York :   |b Parachute Publishing ,   |c 2005 
440 |a Rotten school 
500 |a Children ages 7-9 years old (orange) 
650 0 |a Junior fiction   |x English   |x Languages 
710 0 |a Title 
999 |a 0000966196   |b Book   |c Children Collection   |e Perbadanan Perpustakaan Awam Johor 
999 |a 0000966197   |b Book   |c Children Collection   |e Perbadanan Perpustakaan Awam Johor 
999 |a 0000966198   |b Book   |c Children Collection   |e Perbadanan Perpustakaan Awam Johor